000 00351nam a2200145Ia 4500
005 20240821154846.0
008 240821s9999||||xx |||||||||||||| ||und||
082 _a891.431 PRA
100 _aPravasi
245 0 _aBandhan ke setu (HIN)
260 _aAllahabad
_bParimal Prakashan
_c1965
300 _a84p.
650 _aHindi Literature
942 _cBK
999 _c85158
_d85158